OPAC | Catalogo Arcigay delle biblioteche LGBTQIA+

Il Catalogo di Arcigay delle Biblioteche LGBTQIA+ è un servizio fornito grazie alla collaborazione tra Arcigay nazionale e le associazioni locali aderenti al progetto che conservano e rendono pubbliche biblioteche a tema LGBTQIA+.

Garibaldi in camicia nera : (Record no. 28219)

MARC details
000 -LEADER
campo di controllo lung. fissa 00809nam a2200229 i 4500
001 - Numero di controllo
campo di controllo IT\ICCU\LO1\1352555
003 - Identificatore del numero di controllo
campo di controllo ItRI
005 - Data e orario dell'ultima transazione
campo di controllo 20260320162259.0
008 - Elementi di lunghezza fissa--Informazione generale
campo di controllo lung. fissa 110415s2011 it |||||| ||||| |||||c
015 ## - Numero della bibliografia nazionale
Fonte IT
Numero della bibliografia nazionale 2011-5187
020 ## - ISBN (International Standard Book Number)
ISBN (International Standard Book Number) 9788842546641
040 ## - Fonte della catalogazione
Lingua della catalogazione ita
Agenzia che fa la trascrizione arcigay messina
041 #7 - Codice di lingua
Codice di lingua del testo/traccia sonora o titolo separato ita
Fonte del codice ISO-639-2
082 ## - Numero di classificazione Decimale Dewey
Numero di classificazione 945.083092
Numero dell'edizione 21
100 1# - Accesso principale -- nome di persona
Nome di persona Pala, Elena
Numero del record di authority o numero standard IT\ICCU\MILV\333826
Relazione: aut
245 10 - Formulazione del titolo
Titolo Garibaldi in camicia nera :
Complemento del titolo il mito dell'eroe dei due mondi nella Repubblica di Salò 1943-1945 /
Formulazione di responsabilità, ecc. Elena Pala.
260 ## - Pubblicazione, distribuzione, ecc. (stampa)
Luogo di pubblicazione, distribuzione, ecc. Milano :
Nome dell'editore, distributore, ecc. Mursia,
Data di pubblicazione, distribuzione, ecc. 2011
300 ## - Descrizione fisica
Estensione 141 p. :
Altre particolarità fisiche ill. ;
Dimensioni 21 cm.
650 #7 - Accesso aggiunto di soggetto--termine topico
Termine topico o nome geografico come accesso Garibaldi, Giuseppe <1807-1882>
Suddivisione generale Fortuna
-- Italia
-- 1943-1945
Fonte dell'intestazione o del termine nsbncf
830 #0 - Accesso aggiunto di serie--titolo uniforme
Titolo uniforme Storia, biografie, diari. Storie generali e particolari
Numero del record di authority o numero standard IT\ICCU\CFI\0585323
942 ## - Dati aggiuntivi (Koha)
Fonte della classificazione o dello schema di collocazione (segnatura) Classificazione decimale Dewey
Tipo copia default (Koha) Libri
Holdings
Status ritirato Status smarrito: Fonte della classificazione o dello schema di collocazione (segnatura) Status danneggiato: Escluso dal prestito Biblioteca di appartenenza Biblioteca corrente Data di acquisti Totale prestiti Collocazione Codice a barre Data ultima revisione Prezzo effettivo da Tipo copia default (Koha)
    Classificazione decimale Dewey     MESSINA | Arcigay Messina Makwan MESSINA | Arcigay Messina Makwan 11/02/2026   SCAFFALE 17 - STANZA 2 - LETTERATURA R-1711 11/02/2026 11/02/2026 Libri
Se cerchi informazioni su Arcigay, le puoi trovare nel nostro sito: www.arcigay.it